|
|
|
|
| LEADER |
00000nab a2200000 a 4500 |
| 001 |
vtls000488693 |
| 003 |
SK-MaSNL |
| 005 |
20260303004324.0 |
| 008 |
220423c1993 xo 0 cze |
| 015 |
|
|
|a SNBRB19rr/mm-uuuuu
|
| 035 |
|
|
|a CL0488831
|
| 040 |
|
|
|a SNKBUCL
|b slo
|c SNKBUCL
|e AACR2
|
| 041 |
0 |
|
|a cze
|
| 044 |
|
|
|a xo
|c SK
|
| 080 |
|
|
|a 614.89
|2 1981
|
| 245 |
0 |
0 |
|a Osobní ochranné pracovní prostředky schválené ve Státní zkušebně č. 235 VÚBP Praha v roce 1992
|
| 610 |
|
7 |
|a Výskumný ústav bezpečnosti práce (Praha, Česko)
|b Štátna skúšobňa č. 235
|x prostriedky pracovné ochranné osobné
|2 snkbucl
|9 983183
|
| 650 |
0 |
7 |
|a prostriedky pracovné ochranné osobné schválené
|2 snkbucl
|9 983182
|
| 655 |
|
7 |
|a články z novín a časopisov
|2 snkbucl
|9 267496
|
| 773 |
0 |
|
|t Bezpečná práca
|g Roč. 24, č. 3 (1993), s. 118-120
|
| 850 |
|
|
|a Slovenská národná knižnica v Martine
|a MTA001
|
| 852 |
|
|
|a SNK
|b KIS3GCP
|
| 958 |
|
|
|a RK
|
| 958 |
|
|
|a ME
|
| 958 |
|
|
|a CZ
|
| 992 |
|
|
|a RBX
|
| 999 |
|
|
|c 1577113
|d 1579043
|